<?xml version="1.0" encoding="UTF-8"?>
<record
    xmlns:xsi="http://www.w3.org/2001/XMLSchema-instance"
    xsi:schemaLocation="http://www.loc.gov/MARC21/slim http://www.loc.gov/standards/marcxml/schema/MARC21slim.xsd"
    xmlns="http://www.loc.gov/MARC21/slim">

  <leader>00684nam a22002057a 4500</leader>
  <datafield tag="999" ind1=" " ind2=" ">
    <subfield code="c">9</subfield>
    <subfield code="d">9</subfield>
  </datafield>
  <controlfield tag="005">20260105111752.0</controlfield>
  <controlfield tag="008">230621b           ||||| |||| 00| 0 eng d</controlfield>
  <datafield tag="020" ind1=" " ind2=" ">
    <subfield code="a">978-1-260-56580-5</subfield>
  </datafield>
  <datafield tag="040" ind1=" " ind2=" ">
    <subfield code="c">NMSCSt</subfield>
  </datafield>
  <datafield tag="082" ind1=" " ind2=" ">
    <subfield code="a">Grad 658</subfield>
    <subfield code="b">F383 2020</subfield>
  </datafield>
  <datafield tag="100" ind1=" " ind2=" ">
    <subfield code="a">Ferrell, O. C. </subfield>
  </datafield>
  <datafield tag="245" ind1=" " ind2=" ">
    <subfield code="a">Business foundations :</subfield>
    <subfield code="b">a changing world / </subfield>
    <subfield code="c">O. C. Ferrell, Geoffrey A. Hint, Linda Ferrell. </subfield>
  </datafield>
  <datafield tag="250" ind1=" " ind2=" ">
    <subfield code="a">Twelfth edition. </subfield>
  </datafield>
  <datafield tag="260" ind1=" " ind2=" ">
    <subfield code="a">New York, NY : </subfield>
    <subfield code="b">McGraw-Hill Education, </subfield>
    <subfield code="c">c2020.</subfield>
  </datafield>
  <datafield tag="300" ind1=" " ind2=" ">
    <subfield code="a">xxvii, 622 pages : </subfield>
    <subfield code="b">color, illustrations. </subfield>
  </datafield>
  <datafield tag="500" ind1=" " ind2=" ">
    <subfield code="a">Includes bibliographical references and index. </subfield>
  </datafield>
  <datafield tag="650" ind1=" " ind2=" ">
    <subfield code="a">Business.</subfield>
  </datafield>
  <datafield tag="650" ind1=" " ind2=" ">
    <subfield code="a">Management--United States.</subfield>
  </datafield>
  <datafield tag="942" ind1=" " ind2=" ">
    <subfield code="2">ddc</subfield>
    <subfield code="c">CIR</subfield>
    <subfield code="0">2</subfield>
  </datafield>
  <datafield tag="952" ind1=" " ind2=" ">
    <subfield code="0">0</subfield>
    <subfield code="1">0</subfield>
    <subfield code="2">ddc</subfield>
    <subfield code="4">0</subfield>
    <subfield code="7">0</subfield>
    <subfield code="8">NFIC</subfield>
    <subfield code="a">GL</subfield>
    <subfield code="b">CL</subfield>
    <subfield code="c">CIR</subfield>
    <subfield code="d">2023-06-21</subfield>
    <subfield code="e">Purchased</subfield>
    <subfield code="h">9627</subfield>
    <subfield code="l">2</subfield>
    <subfield code="o">Grad 658 F383 2020 c.1</subfield>
    <subfield code="p">9627</subfield>
    <subfield code="q">2026-01-05</subfield>
    <subfield code="r">2026-01-05</subfield>
    <subfield code="s">2026-01-05</subfield>
    <subfield code="t">c.1</subfield>
    <subfield code="w">2023-06-21</subfield>
    <subfield code="y">CIR</subfield>
  </datafield>
  <datafield tag="952" ind1=" " ind2=" ">
    <subfield code="0">0</subfield>
    <subfield code="1">0</subfield>
    <subfield code="2">ddc</subfield>
    <subfield code="4">0</subfield>
    <subfield code="7">0</subfield>
    <subfield code="8">NFIC</subfield>
    <subfield code="a">GL</subfield>
    <subfield code="b">GL</subfield>
    <subfield code="c">CIR</subfield>
    <subfield code="d">2023-06-21</subfield>
    <subfield code="e">Purchased</subfield>
    <subfield code="h">9628</subfield>
    <subfield code="l">0</subfield>
    <subfield code="o">Grad 658 F383 2020 c.2</subfield>
    <subfield code="p">9628</subfield>
    <subfield code="r">2023-06-21</subfield>
    <subfield code="t">c.2</subfield>
    <subfield code="w">2023-06-21</subfield>
    <subfield code="y">CIR</subfield>
  </datafield>
</record>
